| 000 | 005060000a22001810004500 | ||
|---|---|---|---|
| 003 | MACL | ||
| 005 | 20151227131026.0 | ||
| 008 | 151227b xxu||||| |||| 00| 0 eng d | ||
| 040 |
_aMACL _cmacl |
||
| 041 | _aEnglish | ||
| 082 | _a025.4/PAR | ||
| 100 |
_aParkhi, R S _923169 |
||
| 245 | _aDecimal Classification and Colon Classification in Perspective | ||
| 260 |
_bAsia Publishing House _c1964 _aNew York |
||
| 350 | _a36 | ||
| 650 |
_aLibrary & Information Science _916991 |
||
| 942 |
_cBK _k025.4/PAR _2ddc |
||
| 999 |
_c35739 _d35739 |
||